00680cam a2200217 a 4500001001000000003000900010005001700019007000300036008003700039040002500076082002300101100005700124245005100181260003500232300001700267490003100284500003800315650003600353650003900389830003400428000005640DO-SdBNP20210928093643.0ta761110s 1944 sp 001 i spa  aDO-SdBNPbspacBNPHU 4aBNPHU 866.4bF297t1 aFeijó y Montenegro, Benito Jerónimo,d1676-1764.10aCartas eruditas /cBenito Jerónimo Feijóo. aMadrid :bEspasa-Calpe,c1944. av. ;c19 cm.1 aClásicos castellanosv85 aLa biblioteca posee el volumen 4.14aCartas españolasySIGLO XVIII14aLiteratura españolaySIGLO XVIII 0aClásicos Castellanos ;v85.